Normal view
MARC view
- Capitalism
Entry Topical Term
001 - CONTROL NUMBER
- control field: 99669
003 - CONTROL NUMBER IDENTIFIER
- control field: NUST
005 - DATE AND TIME OF LATEST TRANSACTION
- control field: 20221010123855.0
008 - FIXED-LENGTH DATA ELEMENTS
- fixed length control field: 221010|| aca||aabn | a|a d
040 ## - CATALOGING SOURCE
- Original cataloging agency: NUST
- Transcribing agency: NUST
150 ## - HEADING--TOPICAL TERM
- Topical term or geographic name entry element: Capitalism
- Geographic subdivision: East Asia
670 ## - SOURCE DATA FOUND
- Source citation: Work cat.: (NUST)0: Law, capitalism and power in Asia :, 1999.
